Maternal infant health care planning / (Record no. 8000)

MARC details
000 -LEADER
fixed length control field 00825pam a2200241 a 4500
020 ## - INTERNATIONAL STANDARD BOOK NUMBER
ISBN 0874347394
050 10 - CALL NUMBER
Classification number RG951
Item number .M48
100 1# - AUTHOR
Personal name Melson, Kathryn A.
245 10 - TITLE
Title Maternal infant health care planning /
Statement of responsibility, etc Kathryn A. Melson, Marie S. Jaffe.
250 ## - EDITION
Edition statement 2nd ed.
260 ## - PUBLICATION INFORMATION
Place of publication Springhouse, Pa. :
Name of publisher Springhouse Corp.,
Year of publication c1995.
300 ## - DESCRIPTION
Number of Pages ix, 342 p. :
Other physical details ill. ;
Dimensions 28 cm.
500 ## - NOTES
General note "Plans of care, interventions and rationales, documentation"--Cover.
500 ## - NOTES
General note Rev. ed. of: Maternal infant health care plans / Marie S. Jaffe, Kathryn A. Melson. c1989.
650 #0 - SUBJECTS
Topical Term Maternity nursing.
650 #0 - SUBJECTS
Topical Term Neonatal nursing.
650 #0 - SUBJECTS
Topical Term Nursing care plans.
650 #2 - SUBJECTS
Topical Term Maternal-Child Nursing.
650 #2 - SUBJECTS
Topical Term Patient Care Planning.
700 1# - OTHER AUTHORS
Personal name Jaffe, Marie S.
700 1# - OTHER AUTHORS
Personal name Jaffe, Marie S.
942 ## - ADDED ENTRY ELEMENTS (KOHA)
Koha item type Books
Holdings
Withdrawn status Lost status Home library Current library Date acquired Full call number Accession Number Koha item type
    Methodist University Library Wenchi Nursing Methodist University Library Wenchi Nursing 21/10/2021 RG951 .M48 2624 Books
Copyright © 2026  MUG Library